Hotel TULA, Banská Bystrica Monolitická železobetónová doskostenová konštrukcia na skeletovej podnoži so stužujúcim jadrom

Salvato in:
Dettagli Bibliografici
Autore principale: Siládi, Radovan (Autore)
Altri autori: Harvan, Ivan (Relatore della tesi)
Natura: Manoscritto Libro
Lingua:slovacco
Pubblicazione: 2015
Soggetti:
Accesso online:http://is.stuba.sk/zp/portal_zp.pl?podrobnosti=109732
https://opac.crzp.sk/?fn=detailBiblioForm&sid=78283B71680DBAF21B46D31D22D4
Tags: Aggiungi Tag
Nessun Tag, puoi essere il primo ad aggiungerne!!

MARC

LEADER 00000ntm a22000003a 4500
001 stuzp49714
003 SK-STU
005 20231110142606.0
007 ta
008 150427s2015----xo-----f-mn---000-0-slo-d
040 |a STU  |b slo 
041 0 |a slo 
100 1 |a Siládi, Radovan  |u 010110  |4 aut  |U SvF Stavebná fakulta  |T SvF Katedra betónových konštrukcií a mostov  |X 56291  |U V110  |Y 11  |7 A000056291 
242 0 1 |a Hotel TULA, Banská Bystrica Monolitic wall-slab reinforced construction on skeletal substructure with solid core  |y eng 
245 1 0 |a Hotel TULA, Banská Bystrica Monolitická železobetónová doskostenová konštrukcia na skeletovej podnoži so stužujúcim jadrom 
260 |c 2015 
650 4 |a vietor  |2 slo 
650 4 |a seizmicita  |2 slo 
650 4 |a hotel  |2 slo 
650 4 |a statika  |2 slo 
650 4 |a hotel  |2 eng 
650 4 |a statics  |2 eng 
650 4 |a wind  |2 eng 
650 4 |a seismicity  |2 eng 
700 1 |a Harvan, Ivan  |4 ths  |X 890  |7 A000000890 
856 4 |u http://is.stuba.sk/zp/portal_zp.pl?podrobnosti=109732 
856 4 |u https://opac.crzp.sk/?fn=detailBiblioForm&sid=78283B71680DBAF21B46D31D22D4 
SQL |a stuzp49714  |b DDP  |c SLO  |d Hotel TULA, Banská Bystrica Monolitická železobetónová doskostenová konštrukcia na skeletovej podnoži so stužujúcim jadrom  |e 56291  |f Siládi, Radovan  |g 010110  |h 890  |i Harvan, Ivan  |j 20150617  |k 945  |l 01  |m http://is.stuba.sk/zp/portal_zp.pl?podrobnosti=109732  |n I-NKS  |o 5.1.5. inžinierske konštrukcie a dopravné stavby